Histoire de Don Quichotte de la Manche (Record no. 2843)

MARC details
000 -CABECERA
campo de control de longitud fija 01528nam a2200313 a 4500
001 - NÚMERO DE CONTROL
campo de control BRCA_3107
005 - FECHA Y HORA DE LA ÚLTIMA TRANSACCIÓN
campo de control 20190320204121.0
008 - DATOS DE LONGITUD FIJA--INFORMACIÓN GENERAL
campo de control de longitud fija 290109s1846----fr-#---###---#000-0#fre-u
041 ## - CÓDIGO DE LENGUA
Código de lengua del texto/banda sonora o título independiente fre
044 ## - CÓDIGO DEL PAÍS DE LA ENTIDAD EDITORA/PRODUCTORA
Código MARC del país fr
084 ## - OTRO NÚMERO DE CLASIFICACIÓN
Número de clasificación 413
Número de documento/Ítem .D53
-- 1846
100 1# - ENTRADA PRINCIPAL--NOMBRE DE PERSONA
Nombre de persona Cervantes Saavedra, Miguel de
Fechas asociadas al nombre 1547-1616
9 (RLIN) 213
245 10 - MENCIÓN DE TÍTULO
Título Histoire de Don Quichotte de la Manche
Mención de responsabilidad, etc. Miguel de Cervantes Saavedra.
260 ## - PUBLICACIÓN, DISTRIBUCIÓN, ETC.
Lugar de publicación, distribución, etc. París
Nombre del editor, distribuidor, etc. Didier
Fecha de publicación, distribución, etc. 1846
300 ## - DESCRIPCIÓN FÍSICA
Extensión 2 v.
Dimensiones 18 cm.
500 ## - NOTA GENERAL
Nota general Contenido : v 1. Primera parte. Advertencia del traductor. Elogio de Mor de Fuentes. Prólogo del autor. Texto. -- v 2. Segunda parte. Dedicatoria del autor. Prólogo del autor. Texto
500 ## - NOTA GENERAL
Nota general Edición : Traduite sur le texte original et d´après les traductions comparèes de Oudin et Rosset, Filleau de Saint-Martin, Florian, Bouchon-Dubounial, Delaunay et L. Viardot, par F. de Brotonne, conservateur de la Bibliotèque de Sainte-Genviève. Nouvelle Edition
500 ## - NOTA GENERAL
Nota general Edición similar al LO-412, pero de menor tamaño y sin láminas. Semipiel; lomos decorados con filetes dorados Lúdovik Osterc
500 ## - NOTA GENERAL
Nota general QM335
546 ## - NOTA DE LENGUA/LENGUAJE
Nota de lengua/lenguaje Texto en : francés
650 14 - PUNTO DE ACCESO ADICIONAL DE MATERIA--TÉRMINO DE MATERIA
Término de materia o nombre geográfico como elemento de entrada Novela española
Subdivisión cronológica Época clásica, 1500-1700
9 (RLIN) 215
650 14 - PUNTO DE ACCESO ADICIONAL DE MATERIA--TÉRMINO DE MATERIA
Término de materia o nombre geográfico como elemento de entrada Literatura española
Subdivisión cronológica Época clásica, 1500-1700
9 (RLIN) 216
650 14 - PUNTO DE ACCESO ADICIONAL DE MATERIA--TÉRMINO DE MATERIA
Término de materia o nombre geográfico como elemento de entrada Novela española
Subdivisión cronológica Siglo XVII
9 (RLIN) 217
650 14 - PUNTO DE ACCESO ADICIONAL DE MATERIA--TÉRMINO DE MATERIA
Término de materia o nombre geográfico como elemento de entrada Don Quijote (Personaje ficticio)
Término indicativo de función/relación Novela
9 (RLIN) 218
700 1# - PUNTO DE ACCESO ADICIONAL--NOMBRE DE PERSONA
Nombre de persona Brotonne, F.
Término indicativo de función/relación Traductor
9 (RLIN) 8460
740 0# - PUNTO DE ACCESO ADICIONAL--TÍTULO RELACIONADO O ANALÍTICO NO CONTROLADO
Título relacionado o analítico no controlado El Ingenioso Hidalgo Don Quijote de la Mancha
902 ## - CATALOGADOR
Iniciales QFM
942 ## - ELEMENTOS DE PUNTO DE ACCESO ADICIONAL (KOHA)
Fuente del sistema de clasificación o colocación Library of Congress Classification
Tipo de ítem Koha Libros
Holdings
Estado de retiro Estado de pérdida Estado dañado No para préstamo Localización permanente Ubicación/localización actual Fecha de adquisición Número de inventario Total de préstamos Signatura topográfica completa Código de barras Fecha visto por última vez Precio válido a partir de Tipo de ítem Koha
El ejemplar forma parte de la colección y puede ser consultado según las políticas vigentes.       Biblioteca del Museo Franz Mayer (Rogerio Casas-Alatriste) Biblioteca del Museo Franz Mayer (Rogerio Casas-Alatriste) 29/01/2009 QM335   413 .D53 1846 (QM335) 3104 22/03/2019 22/03/2019 Libros